Statistics for Cities and towns in Calhoun County Michigan

Click here to take the quiz!

General Stats

  • This quiz has been taken 27 times
  • The average score is 5 of 9

Answer Stats

Population (2020)Answer% Correct
52,721Battle Creek
100%
6,822Marshall
100%
7,700Albion
71%
5,292Springfield
50%
1,575Homer
43%
936Athens
36%
281Burlington
36%
653Tekonsha
36%
1,714 also part of Branch CountyUnion City
21%

Score Distribution

Percentile by Number Answered

Percent of People with Each Score

Your Score History

You have not taken this quiz